| 000 | 01004nam a22002657a 4500 | ||
|---|---|---|---|
| 999 |
_c1988 _d1988 |
||
| 003 | AR-CdUCM | ||
| 008 | 190228b ||||| |||| 00| 0 spa d | ||
| 040 |
_aMUNICIPALIDAD PROVINCIAL DEL CUSCO _cBIBLIOTECA MUNICIPAL DEL CUSCO |
||
| 082 |
_a394 / _bR14 |
||
| 100 |
_aRadiguet, Maximilian René _97241 |
||
| 245 | _aLima y la sociedad peruana / | ||
| 260 |
_aLima : _bBiblioteca Nacional del Perú, _c1971. |
||
| 300 |
_axx + 178 páginas ; _blámina ; _c21 cm |
||
| 440 |
_aViajeros _n3 _97242 |
||
| 500 | _a"Publicaciones en conmemoración del sesquicentenario de la independencia y de la fundación de la Biblioteca Nacional del Perú" | ||
| 650 |
_aSociedad peruana _97243 |
||
| 650 |
_aMujeres _93760 |
||
| 650 |
_aSiglo XIX _9971 |
||
| 650 |
_aHistoria _9246 |
||
| 700 |
_aNúñez, Estuardo ( Estudio preliminar) _97244 |
||
| 700 |
_aRecavarren de Zizold, Catalina ( Traductora) _97245 |
||
| 700 |
_aBiblioteca Nacional del Perú _97246 |
||
| 942 |
_2ddc _cLIBROS |
||
| 945 |
_araen _d2019-02-28 |
||